000 00372nam a2200133 a 4500
005 20140513081053.0
008 090910s19uu xx 00 eng d
050 _aKit
_bBLA 1982
245 _aBLASTOFF :
_bLearning about planets /
_cNicely, Timothy.
260 _aCalifornia :
_bSuperscope,
_c1982.
440 _aTele - story presents
650 _aPlanets
999 _c116392
_d116392